000 00536cam a2200217 4500
001 D7108
008 090401t1984 xxu||||| |||| 00| 0 eng d
035 _a(Sirsi) u5203
041 _aeng
050 _a698.12
100 _aMiller, E.
245 _aWater-borne paints for exterior wood
260 _aGarston, Watford
_bBuilding Research Establishment
_c1984
300 _a4p. 30cm
350 _a0
490 _aInformation Paper
_v9/84
520 _aCaption title
700 _aBoxall, J.
942 _n0
948 _c04/03/1997
999 _c86140
_d86140